Seeds 2 : (Record no. 11363)

000 -LEADER
fixed length control field 00707cam a2200229 a 4500
020 ## - INTERNATIONAL STANDARD BOOK NUMBER
ISBN 155861107X (alk. paper)
020 ## - INTERNATIONAL STANDARD BOOK NUMBER
ISBN 1558611061 (alk. paper)
040 ## - CATALOGING SOURCE
Transcribing agency DLC
082 00 - DEWEY DECIMAL CLASSIFICATION NUMBER
Classification number 305 FEM 1995 A015 Or.
245 00 - TITLE STATEMENT
Title Seeds 2 :
Remainder of title supporting women's work around the world /
246 3# - VARYING FORM OF TITLE
Title proper/short title Seeds two
260 ## - PUBLICATION, DISTRIBUTION, ETC. (IMPRINT)
Place of publication New York :
Name of publisher Feminist Press at the City University of New York,
Year of publication c1995.
300 ## - PHYSICAL DESCRIPTION
Number of Pages xi, 241 p. :
Other physical details ill. ;
Dimensions 24 cm.
500 ## - GENERAL NOTE
General note Originally published in a pamphlet series Seeds.
650 #0 - SUBJECT ADDED ENTRY--TOPICAL TERM
Topical Term Women in development
650 #0 - SUBJECT ADDED ENTRY--TOPICAL TERM
Topical Term Businesswomen
650 #0 - SUBJECT ADDED ENTRY--TOPICAL TERM
Topical Term Women
650 #0 - SUBJECT ADDED ENTRY--TOPICAL TERM
Topical Term Women in community development
650 #0 - SUBJECT ADDED ENTRY--TOPICAL TERM
Topical Term Child care services
700 1# - ADDED ENTRY--PERSONAL NAME
Personal name Leonard, Ann,
942 ## - ADDED ENTRY ELEMENTS (KOHA)
Koha item type សៀវភៅភាសាអង់គ្លេស
952 ## - LOCATION AND ITEM INFORMATION (KOHA)
Withdrawn status [LOCAL, KOHA] 0
952 ## - LOCATION AND ITEM INFORMATION (KOHA)
Withdrawn status [LOCAL, KOHA] 0
952 ## - LOCATION AND ITEM INFORMATION (KOHA)
Withdrawn status [LOCAL, KOHA] 0
952 ## - LOCATION AND ITEM INFORMATION (KOHA)
Withdrawn status [LOCAL, KOHA] 0
952 ## - LOCATION AND ITEM INFORMATION (KOHA)
Withdrawn status [LOCAL, KOHA] 0
Holdings
Permanent Location Date acquired Koha item type Lost status Barcode Shelving location Current Location Full call number
Library Block A2017-08-01សៀវភៅភាសាអង់គ្លេស A21053 Library Block A305 FEM 1995 A015 Or.
Library Block A2017-08-09សៀវភៅភាសាអង់គ្លេស A21794A017Library Block A305 FEM 1995 A017 Or.
Library Block A2017-08-09សៀវភៅភាសាអង់គ្លេស A20998A017Library Block A305 FEM 1995 A017 Or.
Library Block A2017-08-09សៀវភៅភាសាអង់គ្លេស A20821A017Library Block A305 FEM 1995 A017 Or.
Library Block A2017-08-10សៀវភៅភាសាអង់គ្លេស A22102A017Library Block A305 FEM 1995 A017 Or.
មជ្ឈមណ្ឌលឯការនៃសាកលវិទ្យាល័យភូមិន្ទកសិកម្មចំការដូង

Powered by Koha